[Event "La Roda op 50th"]
[Site "La Roda"]
[Date "2024.03.31"]
[Round "9"]
[White "Elias Reyes, Jorge Roberto"]
[Black "Hurtado, Felipe"]
[Result "1/2-1/2"]
[WhiteElo "2473"]
[BlackElo "2087"]
[PlyCount "62"]
[EventDate "2024.03.27"]
[EventType "swiss"]
[EventRounds "9"]
[EventCountry "ESP"]
[SourceTitle "CB14_2024"]
[SourceDate "2024.04.01"]
[SourceVersion "1"]
[SourceVersionDate "2024.04.01"]
[SourceQuality "1"]

1. e4 c5 2. Nf3 d6 3. d4 cxd4 4. Nxd4 Nf6 5. Nc3 a6 6. Be2 e5 7. Nb3 Be7 8. Be3 Be6 9. Nd5 Nbd7 10. Qd3 0-0 11. 0-0 Bxd5 12. exd5 Ne8 13. a4 a5 14. Bg4 Nef6 15. Bh3 b6 16. f4 exf4 17. Bxf4 Nc5 18. Qf3 Nxb3 19. Qxb3 Rb8 20. Rae1 Nh5 21. Be3 Bg5 22. Bd4 Bf6 23. Bxf6 Nxf6 24. Qb5 Re8 25. Rd1 Re3 26. Rd4 Qe7 27. Rdf4 Re1 28. Qb3 Qe5 29. Rxe1 Qxe1+ 30. Rf1 Qe5 31. Rd1 h5 1/2-1/2

[Event "La Roda op 50th"]
[Site "La Roda"]
[Date "2024.03.30"]
[Round "6"]
[White "Lopez Mijail, Nicolas"]
[Black "Elias Reyes, Jorge Roberto"]
[Result "0-1"]
[WhiteElo "2231"]
[BlackElo "2473"]
[PlyCount "138"]
[EventDate "2024.03.27"]
[EventType "swiss"]
[EventRounds "9"]
[EventCountry "ESP"]
[SourceTitle "CB14_2024"]
[SourceDate "2024.04.01"]
[SourceVersion "1"]
[SourceVersionDate "2024.04.01"]
[SourceQuality "1"]

1. e4 c5 2. Nf3 d6 3. d4 cxd4 4. Nxd4 Nf6 5. Nc3 a6 6. h3 Nc6 7. Be3 g6 8. Qd2 Bg7 9. 0-0-0 Nxd4 10. Bxd4 Be6 11. g4 Qa5 12. a3 0-0 13. Kb1 Rfc8 14. f4 b5 15. Bg2 b4 16. axb4 Qxb4 17. Nd5 Nxd5 18. exd5 Qxd2 19. Rxd2 Bd7 20. Re1 Re8 21. c3 Rab8 22. Kc2 a5 23. Bxg7 Kxg7 24. Rd4 a4 25. Bf3 Rb6 26. Rc4 Reb8 27. Rb1 R8b7 28. Kc1 h5 29. Bd1 hxg4 30. hxg4 Ra7 31. Ra1 Rb8 32. Ra3 Rh8 33. b3 Rh1 34. Kd2 Rb7 35. b4 Rh2+ 36. Ke3 Rh3+ 37. Kf2 Rh2+ 38. Ke3 Kf6 39. g5+ Kg7 40. Rd4 f6 41. gxf6+ Kxf6 42. Rd2 Rh3+ 43. Bf3 Bg4 44. Rf2 Rc7 45. Ke2 Rxf3 46. Rxf3 Kf5 47. Kf2 Bxf3 48. Kxf3 Rc4 49. Kg3 Rxf4 50. Rxa4 Rc4 51. Kf3 Rxc3+ 52. Ke2 Rb3 53. Kd2 Ke5 54. Kc2 Re3 55. Ra5 Kd4 56. b5 Kxd5 57. b6+ Kc6 58. Rb5 Kb7 59. Kd2 Re5 60. Rb1 g5 61. Kd3 g4 62. Rb4 Rg5 63. Ke2 g3 64. Kf1 g2+ 65. Kg1 Rg6 66. Rb5 Rg8 67. Rb2 Rc8 68. Re2 e5 69. Rb2 Rc6 0-1

[Event "La Roda op 50th"]
[Site "La Roda"]
[Date "2024.03.29"]
[Round "5"]
[White "Elias Reyes, Jorge Roberto"]
[Black "Jarque Megias, Juan Jose"]
[Result "1-0"]
[WhiteElo "2473"]
[BlackElo "2048"]
[PlyCount "115"]
[EventDate "2024.03.27"]
[EventType "swiss"]
[EventRounds "9"]
[EventCountry "ESP"]
[SourceTitle "CB14_2024"]
[SourceDate "2024.04.01"]
[SourceVersion "1"]
[SourceVersionDate "2024.04.01"]
[SourceQuality "1"]

1. e4 c5 2. Nf3 d6 3. d4 cxd4 4. Nxd4 Nf6 5. Nc3 a6 6. Be2 e5 7. Nb3 Be7 8. Be3 Be6 9. Nd5 Bxd5 10. exd5 0-0 11. g4 Nbd7 12. Qd3 b5 13. g5 Ne8 14. h4 Nc5 15. Nxc5 dxc5 16. Qf5 Qd6 17. 0-0-0 c4 18. h5 Rd8 19. Kb1 Nc7 20. Bf3 b4 21. Be4 g6 22. Qh3 Qd7 23. hxg6 Qxh3 24. gxh7+ Kh8 25. Rxh3 Ne6 26. Rg1 Nf4 27. Bxf4 exf4 28. Rh4 Bd6 29. g6 fxg6 30. Rxg6 f3 31. Kc1 Bc5 32. Rh2 a5 33. Kd2 Bd4 34. c3 Be5 35. Rh3 Bf4+ 36. Kd1 Be5 37. Kc2 Rf4 38. Bxf3 Rdf8 39. Kd2 R4f7 40. d6 Rf6 41. Rxf6 Rxf6 42. Be4 Rxd6+ 43. Ke2 Rb6 44. Rh5 Re6 45. f3 Re8 46. Kd2 Re7 47. Rf5 Re8 48. Kc2 Kg7 49. Rg5+ Kh8 50. Rg6 Rd8 51. Rc6 Kg7 52. cxb4 axb4 53. Rxc4 Rb8 54. Kb3 Bd6 55. Rd4 Be7 56. Rd7 Kf6 57. Bd5 Ke5 58. f4+ 1-0

[Event "CUB-ch 60th"]
[Site "Holguin"]
[Date "2024.02.13"]
[Round "9"]
[White "Elias Reyes, Jorge Roberto"]
[Black "Rodriguez Hernandez, Luis Daniel"]
[Result "1-0"]
[WhiteElo "2468"]
[BlackElo "2386"]
[PlyCount "135"]
[EventDate "2024.02.05"]
[EventType "swiss"]
[EventRounds "10"]
[EventCountry "CUB"]
[SourceTitle "CB10_2024"]
[SourceDate "2024.03.06"]
[SourceVersion "1"]
[SourceVersionDate "2024.03.06"]
[SourceQuality "1"]

1. e4 e5 2. Nf3 Nc6 3. d4 exd4 4. Nxd4 Nf6 5. Nxc6 bxc6 6. e5 Qe7 7. Qe2 Nd5 8. c4 Nb6 9. Nc3 Qe6 10. Qe4 Bb4 11. Bd2 0-0 12. Bd3 g6 13. 0-0 Re8 14. Qf4 Bxc3 15. Bxc3 Na4 16. Qd2 Nxc3 17. Qxc3 Bb7 18. Rae1 c5 19. f4 Qg4 20. Be4 Bxe4 21. Rxe4 d6 22. Qe3 Qf5 23. h3 Rab8 24. g4 Qd7 25. b3 a5 26. f5 Rxe5 27. Qh6 Qe8 28. f6 Qf8 29. Qxf8+ Kxf8 30. Rxe5 dxe5 31. Rd1 a4 32. bxa4 Ke8 33. Rd5 e4 34. Kf2 Rb2+ 35. Ke3 Rxa2 36. Rxc5 Kd7 37. Re5 Kd6 38. Rxe4 c5 39. Re7 Rxa4 40. Rxf7 Rxc4 41. Rxh7 g5 42. Rg7 Ke6 43. Rxg5 Kxf6 44. Rf5+ Kg6 45. Kf3 Rc1 46. Kg3 c4 47. Rc5 c3 48. Rc6+ Kg7 49. Kh4 c2 50. Kg5 Rh1 51. Rxc2 Rxh3 52. Rc7+ Kf8 53. Kg6 Rg3 54. g5 Rg1 55. Ra7 Rg2 56. Ra8+ Ke7 57. Ra1 Kf8 58. Ra8+ Ke7 59. Rg8 Rg1 60. Kh7 Kf7 61. g6+ Ke7 62. Kg7 Ra1 63. Rf8 Ra6 64. Rf1 Ra2 65. Re1+ Kd7 66. Kg8 Rg2 67. g7 Rg4 68. Rh1 1-0

[Event "CUB-ch 60th"]
[Site "Holguin"]
[Date "2024.02.09"]
[Round "5"]
[White "Elias Reyes, Jorge Roberto"]
[Black "Quesada Perez, Luis Ernesto"]
[Result "0-1"]
[WhiteElo "2468"]
[BlackElo "2560"]
[PlyCount "54"]
[EventDate "2024.02.05"]
[EventType "swiss"]
[EventRounds "10"]
[EventCountry "CUB"]
[SourceTitle "CB10_2024"]
[SourceDate "2024.03.06"]
[SourceVersion "1"]
[SourceVersionDate "2024.03.06"]
[SourceQuality "1"]

1. e4 e5 2. Nf3 Nc6 3. Bc4 Nf6 4. d3 Bc5 5. c3 a6 6. 0-0 d6 7. a4 Ba7 8. Re1 0-0 9. h3 h6 10. Nbd2 Re8 11. b4 Be6 12. Bxe6 Rxe6 13. Bb2 Ne7 14. c4 Ng6 15. Qc2 Nf4 16. Nf1 N6h5 17. Kh2 Rg6 18. g4 Qd7 19. Ne3 Nf6 20. Rg1 Bxe3 21. fxe3 Nxh3 22. Kxh3 Nxg4 23. Kh4 Nxe3 24. Qe2 Rg4+ 25. Kh5 Qf5+ 26. exf5 g6+ 27. fxg6 fxg6+ 0-1

[Event "CUB-ch 60th"]
[Site "Holguin"]
[Date "2024.02.07"]
[Round "3"]
[White "Elias Reyes, Jorge Roberto"]
[Black "Perez Leiva, Jerzy Jesus"]
[Result "1-0"]
[WhiteElo "2468"]
[BlackElo "2369"]
[PlyCount "97"]
[EventDate "2024.02.05"]
[EventType "swiss"]
[EventRounds "10"]
[EventCountry "CUB"]
[SourceTitle "CB10_2024"]
[SourceDate "2024.03.06"]
[SourceVersion "1"]
[SourceVersionDate "2024.03.06"]
[SourceQuality "1"]

1. e4 c5 2. Nf3 e6 3. d4 cxd4 4. Nxd4 Nc6 5. Nc3 Qc7 6. Be3 a6 7. g4 Nxd4 8. Qxd4 b5 9. 0-0-0 Bb7 10. f3 Rc8 11. Qd2 Bb4 12. Bd4 f6 13. a3 Bd6 14. Kb1 Bf4 15. Qf2 Ne7 16. Bb6 Qc6 17. Na2 Bc7 18. Be3 a5 19. Nc3 Ba6 20. a4 bxa4 21. Bxa6 Qxa6 22. Nxa4 Qc6 23. Nb6 Bxb6 24. Bxb6 0-0 25. c4 Ng6 26. c5 f5 27. gxf5 exf5 28. Rd6 Qb5 29. Qd4 fxe4 30. Rxd7 Qd3+ 31. Qxd3 exd3 32. Rxd3 Ne5 33. Rc3 Rxf3 34. Rxf3 Nxf3 35. Kc2 Ne5 36. Rd1 Nc4 37. Kb3 Nxb6 38. cxb6 Rc6 39. Rd8+ Kf7 40. Rb8 Ke7 41. Ka4 Kd7 42. Kxa5 Rc2 43. b4 Rxh2 44. Kb5 Rh5+ 45. Ka6 Rh4 46. Rb7+ Kc8 47. Rxg7 Rxb4 48. b7+ Kd8 49. Rxh7 1-0

[Event "Cancun Camara Cup 11th"]
[Site "Cancun"]
[Date "2023.10.14"]
[Round "6"]
[White "Elias Reyes, Jorge Roberto"]
[Black "Sandoval Mercado, Carlos"]
[Result "1-0"]
[WhiteElo "2466"]
[BlackElo "2387"]
[PlyCount "45"]
[EventDate "2023.10.11"]
[EventType "swiss"]
[EventRounds "9"]
[EventCountry "MEX"]
[SourceTitle "Mega2024 Update 01"]
[Source "Chessbase"]
[SourceDate "2023.11.12"]
[SourceVersion "1"]
[SourceVersionDate "2023.11.12"]
[SourceQuality "1"]

1. e4 c5 2. Nf3 d6 3. d4 cxd4 4. Nxd4 Nf6 5. Bd3 Nc6 6. Be3 Ng4 7. Nxc6 bxc6 8. Bd2 e5 9. 0-0 Qh4 10. h3 Nf6 11. c4 g5 12. f3 Rg8 13. b4 Nh5 14. Be1 Ng3 15. Nc3 Qf4 16. Rf2 Be7 17. b5 Bd7 18. c5 dxc5 19. bxc6 Be6 20. Ba6 Rg6 21. c7 g4 22. fxg4 Qh6 23. Rb1 1-0

[Event "Cancun Camara Cup 11th"]
[Site "Cancun"]
[Date "2023.10.14"]
[Round "7"]
[White "Martinez Alcantara, Jose Eduardo"]
[Black "Elias Reyes, Jorge Roberto"]
[Result "1/2-1/2"]
[WhiteElo "2611"]
[BlackElo "2466"]
[PlyCount "122"]
[EventDate "2023.10.11"]
[EventType "swiss"]
[EventRounds "9"]
[EventCountry "MEX"]
[SourceTitle "Mega2024 Update 01"]
[Source "Chessbase"]
[SourceDate "2023.11.12"]
[SourceVersion "1"]
[SourceVersionDate "2023.11.12"]
[SourceQuality "1"]

1. e4 c5 2. Nf3 e6 3. g3 d5 4. exd5 exd5 5. d4 cxd4 6. Nxd4 Nc6 7. Bg2 Bc5 8. Nxc6 bxc6 9. 0-0 Nf6 10. Re1+ Be6 11. Nc3 0-0 12. Na4 Be7 13. Be3 Qa5 14. c3 c5 15. Nxc5 Bxc5 16. b4 Bxb4 17. cxb4 Qxb4 18. a3 Qg4 19. f3 Qc4 20. Bf1 Qc6 21. Bd4 Ne8 22. Rc1 Qd7 23. Qe2 Nd6 24. Qe5 Nf5 25. Ba1 Qd6 26. g4 Qxe5 27. Bxe5 Nh4 28. Kf2 a5 29. Kg3 Ng6 30. Bd4 Rfc8 31. f4 Ne7 32. f5 Rxc1 33. Rxc1 Rc8 34. Rxc8+ Bxc8 35. Bb6 h5 36. gxh5 Nxf5+ 37. Kf4 Nd6 38. Bxa5 Nc4 39. Bb4 Bd7 40. Be2 f6 41. Bd1 Kh7 42. a4 Kh6 43. a5 Bb5 44. Bf3 Ne5 45. Bf8 Nxf3 46. Kxf3 d4 47. Ke4 d3 48. Ke3 f5 49. Bb4 Kxh5 50. Kf4 g6 51. Be1 Ba6 52. h4 d2 53. Bxd2 Kxh4 54. Bb4 Bc8 55. Be7+ Kh5 56. a6 Bxa6 57. Bg5 Bc8 58. Bf6 Ba6 59. Bg5 Bc8 60. Bf6 Ba6 61. Bg5 Bc8 1/2-1/2

[Event "La Habana Isla"]
[Site "La Habana"]
[Date "2022.11.04"]
[Round "5"]
[White "Villalba Velazquez, Ander Ivan"]
[Black "Elias Reyes, Jorge Roberto"]
[Result "0-1"]
[WhiteElo "2106"]
[BlackElo "2441"]
[PlyCount "74"]
[EventDate "2022.11.01"]
[EventType "tourn"]
[EventRounds "9"]
[EventCountry "CUB"]
[EventCategory "4"]
[SourceTitle "EXT 2024"]
[Source "ChessBase"]
[SourceDate "2023.10.10"]
[SourceVersion "1"]
[SourceVersionDate "2023.10.10"]
[SourceQuality "1"]

1. e4 c5 2. Nc3 e6 3. f4 d5 4. d3 b5 5. exd5 b4 6. Ne4 exd5 7. Nf2 Ne7 8. d4 Nf5 9. Bb5+ Bd7 10. Bxd7+ Qxd7 11. Ne2 Nc6 12. dxc5 Bxc5 13. 0-0 0-0 14. Kh1 Rfe8 15. Nd3 Bb6 16. Ng1 Re6 17. g4 Ne3 18. Bxe3 Rxe3 19. f5 Qe7 20. Qd2 Nd4 21. Rae1 Qe4+ 22. Qg2 Nxc2 23. Rc1 Rxd3 24. Rxc2 Re8 25. Qxe4 dxe4 26. Re1 e3 27. Kg2 h5 28. h3 Red8 29. Nf3 f6 30. Ree2 b3 31. axb3 Rxb3 32. Nh4 hxg4 33. hxg4 Rbd3 34. Ng6 Rd2 35. Kf3 Kf7 36. Rh2 Rf2+ 37. Ke4 Rd4+ 0-1

[Event "Guillermo Garcia Memorial-B"]
[Site "Santa Clara"]
[Date "2022.05.09"]
[Round "9"]
[White "Elias Reyes, Jorge Roberto"]
[Black "Campos Gomez, Manuel"]
[Result "1-0"]
[WhiteElo "2429"]
[BlackElo "2292"]
[PlyCount "59"]
[EventDate "2022.04.30"]
[EventType "tourn"]
[EventRounds "9"]
[EventCountry "CUB"]
[EventCategory "3"]
[SourceTitle "CBM 208 Extra"]
[Source "ChessBase"]
[SourceDate "2022.07.31"]
[SourceVersion "1"]
[SourceVersionDate "2022.07.31"]
[SourceQuality "1"]

1. e4 Nf6 2. e5 Nd5 3. d4 d6 4. Nf3 g6 5. Bc4 Nb6 6. Bb3 Bg7 7. Ng5 e6 8. Qf3 0-0 9. Qh3 h6 10. Nf3 dxe5 11. dxe5 Nc6 12. Bxh6 Nxe5 13. Ng5 Qd4 14. Bxg7 Kxg7 15. Nc3 Rh8 16. Qg3 Nbc4 17. 0-0 f6 18. Nge4 b5 19. Rad1 Qb6 20. Nxf6 Kxf6 21. Rd5 Rh5 22. Bxc4 Nxc4 23. Rxh5 gxh5 24. Qf3+ Kg7 25. Qxa8 Bb7 26. Qd8 Qc5 27. Qd7+ Kf6 28. Qxb5 Qxb5 29. Nxb5 a6 30. Nc3 1-0

[Event "FIDE World Uni Rapid-F 1st"]
[Site "Tornelo INT"]
[Date "2021.03.20"]
[Round "2"]
[White "Elias Reyes, Jorge Roberto"]
[Black "Mourogiannis, Konstantinos"]
[Result "1-0"]
[WhiteElo "2428"]
[BlackElo "1833"]
[PlyCount "125"]
[EventDate "2021.03.20"]
[EventType "swiss (rapid)"]
[EventRounds "12"]
[EventCountry "NET"]
[SourceTitle "EXT 2022"]
[Source "ChessBase"]
[SourceDate "2021.10.06"]
[SourceVersion "1"]
[SourceVersionDate "2021.10.06"]
[SourceQuality "1"]

1. e4 d5 2. exd5 Qxd5 3. Nc3 Qa5 4. d4 Nf6 5. Nf3 Bg4 6. h3 Bxf3 7. Qxf3 c6 8. Bd3 e6 9. Bd2 Nbd7 10. 0-0 Be7 11. Rfe1 0-0 12. a3 Qb6 13. Ne2 Rfd8 14. c4 Nf8 15. b4 Rd7 16. Rad1 Rad8 17. Bc3 Qc7 18. h4 a5 19. h5 h6 20. Ng3 b6 21. Ne4 Nxe4 22. Bxe4 c5 23. bxc5 bxc5 24. Bc6 cxd4 25. Bxd7 dxc3 26. Bb5 Bxa3 27. Qe4 Bc5 28. Qc2 Rd2 29. Rxd2 cxd2 30. Rd1 Bb4 31. c5 Qxc5 32. Qxc5 Bxc5 33. Rxd2 Bb4 34. Rd8 Kh7 35. Ra8 g6 36. Ra7 Kg8 37. Be8 gxh5 38. Bxf7+ Kh8 39. Bxh5 Kg8 40. Bg4 Bc3 41. g3 e5 42. Bf5 Bb4 43. Kg2 Bc3 44. Kf3 Bd4 45. Rxa5 Kf7 46. Ra6 Kg7 47. Ke2 Nh7 48. Rg6+ Kf7 49. Rxh6 Nf6 50. Rh1 Ke7 51. Rb1 Nd5 52. Rb7+ Kf6 53. Bd3 Ne7 54. Bc4 Bc3 55. Kd3 Ba1 56. Ke4 Bc3 57. Rb6+ Kg7 58. f4 exf4 59. gxf4 Kf8 60. Re6 Bb4 61. f5 Ng8 62. Rb6 Bc3 63. Rb8+ 1-0

[Event "FIDE World Uni Blitz-D 1st"]
[Site "Tornelo INT"]
[Date "2021.03.13"]
[Round "3.23"]
[White "Blagoveschenskaya, Ekaterina"]
[Black "Elias Reyes, Jorge Roberto"]
[Result "0-1"]
[WhiteElo "1685"]
[BlackElo "2428"]
[PlyCount "50"]
[EventDate "2021.03.13"]
[EventType "swiss (blitz)"]
[EventRounds "10"]
[EventCountry "NET"]
[SourceTitle "EXT 2022"]
[Source "ChessBase"]
[SourceDate "2021.10.06"]
[SourceVersion "1"]
[SourceVersionDate "2021.10.06"]
[SourceQuality "1"]

1. e4 c5 2. Nc3 Nc6 3. g3 g6 4. Bg2 Bg7 5. d3 d6 6. Be3 Nf6 7. Qd2 Ng4 8. Bf4 e5 9. Bg5 f6 10. Be3 Nxe3 11. Qxe3 0-0 12. f4 b5 13. a3 Nd4 14. 0-0-0 b4 15. axb4 cxb4 16. Nd5 Qa5 17. Ne2 Qa1+ 18. Kd2 Qxb2 19. Nxd4 exd4 20. Qf2 b3 21. Rc1 Be6 22. Kd1 Bxd5 23. exd5 Rac8 24. Re1 bxc2+ 25. Rxc2 Qb1+ 0-1

[Event "FIDE World Uni Blitz-D 1st"]
[Site "Tornelo INT"]
[Date "2021.03.13"]
[Round "1.8"]
[White "Deng, Haoyou"]
[Black "Elias Reyes, Jorge Roberto"]
[Result "0-1"]
[WhiteElo "1672"]
[BlackElo "2428"]
[PlyCount "50"]
[EventDate "2021.03.13"]
[EventType "swiss (blitz)"]
[EventRounds "10"]
[EventCountry "NET"]
[SourceTitle "EXT 2022"]
[Source "ChessBase"]
[SourceDate "2021.10.06"]
[SourceVersion "1"]
[SourceVersionDate "2021.10.06"]
[SourceQuality "1"]

1. d4 Nf6 2. c4 e6 3. Nf3 d5 4. Nc3 c5 5. Bg5 cxd4 6. Nxd4 e5 7. Nb3 d4 8. Ne4 Nxe4 9. Bxd8 Bb4+ 10. Nd2 Bxd2+ 11. Qxd2 Nxd2 12. Kxd2 Kxd8 13. g3 Nc6 14. Bg2 Be6 15. b3 Ke7 16. Rad1 Rac8 17. Kc2 Rhd8 18. Kb2 a6 19. h4 b5 20. cxb5 axb5 21. a3 Na5 22. b4 Nc4+ 23. Ka1 Nxa3 24. Kb2 Rc2+ 25. Kxa3 Ra2# 0-1

[Event "FIDE World Uni Blitz-D 1st"]
[Site "Tornelo INT"]
[Date "2021.03.13"]
[Round "2.9"]
[White "Elias Reyes, Jorge Roberto"]
[Black "Fernanda, Agus Saputra"]
[Result "0-1"]
[WhiteElo "2428"]
[BlackElo "1932"]
[PlyCount "56"]
[EventDate "2021.03.13"]
[EventType "swiss (blitz)"]
[EventRounds "10"]
[EventCountry "NET"]
[SourceTitle "EXT 2022"]
[Source "ChessBase"]
[SourceDate "2021.10.06"]
[SourceVersion "1"]
[SourceVersionDate "2021.10.06"]
[SourceQuality "1"]

1. e4 c5 2. Nf3 Nc6 3. d4 cxd4 4. Nxd4 Nf6 5. Nc3 d6 6. Bc4 e6 7. 0-0 Qc7 8. Bb3 a6 9. Be3 Be7 10. f4 0-0 11. f5 e5 12. Nde2 Ng4 13. Nd5 Qd8 14. Bb6 Qd7 15. Nec3 Nf6 16. Nxf6+ Bxf6 17. Nd5 Bd8 18. f6 Nb4 19. Bxd8 Nxd5 20. fxg7 Kxg7 21. Qxd5 Qxd8 22. Rxf7+ Kh8 23. Raf1 Rxf7 24. Qxf7 Bg4 25. h3 Be2 26. Rf2 Bb5 27. Qh5 Qe8 28. Rf7 Qg8 0-1

[Event "FIDE World Uni Blitz-D 1st"]
[Site "Tornelo INT"]
[Date "2021.03.13"]
[Round "8.32"]
[White "Elias Reyes, Jorge Roberto"]
[Black "Luna, Divine Grace"]
[Result "1-0"]
[WhiteElo "2428"]
[BlackElo "1716"]
[PlyCount "43"]
[EventDate "2021.03.13"]
[EventType "swiss (blitz)"]
[EventRounds "10"]
[EventCountry "NET"]
[SourceTitle "EXT 2022"]
[Source "ChessBase"]
[SourceDate "2021.10.06"]
[SourceVersion "1"]
[SourceVersionDate "2021.10.06"]
[SourceQuality "1"]

1. e4 c5 2. Nf3 d6 3. d4 cxd4 4. Nxd4 Nf6 5. Nc3 a6 6. Be3 e5 7. Nb3 Be6 8. h3 Qc7 9. Qf3 Be7 10. 0-0-0 Bc4 11. Bxc4 Qxc4 12. g4 h6 13. h4 Qe6 14. g5 Ng4 15. Nd5 Bd8 16. Bb6 Qd7 17. Bxd8 Kxd8 18. Nb6 Qe6 19. Nc5 Qxa2 20. Nb3 h5 21. Qxf7 Re8 22. Rxd6+ 1-0

[Event "FISU World University"]
[Site "Tornelo INT"]
[Date "2020.10.28"]
[Round "7.2"]
[White "Elias Reyes, Jorge Roberto"]
[Black "Ivannikau, Maksim"]
[Result "1-0"]
[WhiteElo "2428"]
[BlackElo "2224"]
[PlyCount "93"]
[EventDate "2020.10.26"]
[EventType "team-swiss (rapid)"]
[EventRounds "9"]
[EventCountry "NET"]
[SourceTitle "CBM 199 Extra"]
[Source "ChessBase"]
[SourceDate "2021.01.31"]
[SourceVersion "1"]
[SourceVersionDate "2021.01.31"]
[SourceQuality "1"]
[WhiteTeam "Cuba"]
[BlackTeam "Belarus"]
[WhiteTeamCountry "CUB"]
[BlackTeamCountry "BLR"]

1. Nf3 g6 2. c4 Bg7 3. d4 Nf6 4. g3 0-0 5. Bg2 d6 6. 0-0 Nc6 7. Nc3 e5 8. dxe5 Nxe5 9. b3 Nfd7 10. Nd4 Nc5 11. Bb2 a5 12. Ndb5 Bd7 13. Qc2 Bf5 14. e4 Bd7 15. Rad1 Bc6 16. Nd5 Bxd5 17. cxd5 Qd7 18. a4 Rae8 19. h3 Qd8 20. f4 Ned7 21. Rfe1 Bxb2 22. Qxb2 f6 23. Qc3 b6 24. h4 Nb8 25. Re2 Nba6 26. Rde1 Nb4 27. Re3 Rf7 28. Bh3 Kg7 29. Nd4 Rfe7 30. Be6 Nxe6 31. Nxe6+ Rxe6 32. dxe6 Rxe6 33. Qc4 Qe7 34. Rc1 c5 35. Qe2 d5 36. e5 f5 37. h5 d4 38. Rf3 gxh5 39. Kg2 h4 40. Rh1 Rg6 41. Kf2 hxg3+ 42. Rxg3 Nd5 43. Rxh7+ Kxh7 44. Qh5+ Rh6 45. Qxf5+ Kh8 46. Qc8+ Kh7 47. Qg8# 1-0

[Event "Titled Tuesday intern op 12th May"]
[Site "Chess.com INT"]
[Date "2020.05.12"]
[Round "1"]
[White "Kollars, Dmitrij"]
[Black "Elias Reyes, Jorge Roberto"]
[Result "1-0"]
[WhiteElo "2586"]
[BlackElo "2428"]
[PlyCount "55"]
[EventDate "2020.05.12"]
[EventType "swiss (blitz)"]
[EventRounds "10"]
[EventCountry "USA"]
[SourceTitle "EXT 2021"]
[Source "ChessBase"]
[SourceDate "2020.10.23"]
[SourceVersion "1"]
[SourceVersionDate "2020.10.23"]
[SourceQuality "1"]

1. e4 c5 2. Nf3 d6 3. d4 cxd4 4. Nxd4 Nf6 5. Nc3 a6 6. Be2 e6 7. Be3 Be7 8. Qd2 0-0 9. 0-0-0 Nc6 10. f4 Qc7 11. g4 d5 12. exd5 Nxd5 13. Nxd5 exd5 14. Kb1 Re8 15. Bf3 Bf6 16. Rhe1 Bd7 17. h3 Rac8 18. c3 Nxd4 19. Bxd4 Bxd4 20. Qxd4 Bc6 21. h4 Rcd8 22. h5 h6 23. g5 hxg5 24. fxg5 Qg3 25. h6 Qxg5 26. hxg7 Rxe1 27. Rxe1 Qf5+ 28. Be4 1-0

[Event "Titled Tuesday intern op 12th May"]
[Site "Chess.com INT"]
[Date "2020.05.12"]
[Round "3"]
[White "Larrea, Manuel"]
[Black "Elias Reyes, Jorge Roberto"]
[Result "0-1"]
[WhiteElo "2230"]
[BlackElo "2428"]
[PlyCount "80"]
[EventDate "2020.05.12"]
[EventType "swiss (blitz)"]
[EventRounds "10"]
[EventCountry "USA"]
[SourceTitle "EXT 2021"]
[Source "ChessBase"]
[SourceDate "2020.10.23"]
[SourceVersion "1"]
[SourceVersionDate "2020.10.23"]
[SourceQuality "1"]

1. e4 c5 2. Nf3 d6 3. d4 cxd4 4. Nxd4 Nf6 5. Nc3 a6 6. Bg5 e6 7. f4 h6 8. Bh4 Qb6 9. Qd2 Qxb2 10. Rb1 Qa3 11. e5 dxe5 12. fxe5 Nfd7 13. Rb3 Qa5 14. Be2 Nc6 15. Nxc6 bxc6 16. 0-0 Bc5+ 17. Kh1 0-0 18. Qf4 Qc7 19. Ne4 f5 20. exf6 Qxf4 21. Rxf4 g5 22. Rg3 Rb8 23. Bxg5 Rb1+ 24. Bf1 hxg5 25. Rxg5+ Kf7 26. Rg7+ Ke8 27. f7+ Ke7 28. Nxc5 Nxc5 29. h4 a5 30. h5 Ba6 31. Kg1 Rxf1+ 32. Rxf1 Bxf1 33. Rg5 Rxf7 34. Rxc5 Bb5 35. c4 Kd6 36. Rg5 Bxc4 37. Rxa5 Bd5 38. Ra3 Rg7 39. g3 Rg5 40. h6 Rh5 0-1

[Event "CUB-ch 57th"]
[Site "Villa Clara"]
[Date "2020.02.12"]
[Round "11"]
[White "Fernandez de La Vara, Arnaldo"]
[Black "Elias Reyes, Jorge Roberto"]
[Result "0-1"]
[WhiteElo "2486"]
[BlackElo "2412"]
[PlyCount "66"]
[EventDate "2020.02.02"]
[EventType "tourn"]
[EventRounds "11"]
[EventCountry "CUB"]
[EventCategory "11"]
[SourceTitle "CBM 195 Extra"]
[Source "ChessBase"]
[SourceDate "2020.05.31"]
[SourceVersion "1"]
[SourceVersionDate "2020.05.31"]
[SourceQuality "1"]

1. e4 e5 2. Nf3 Nc6 3. c3 d5 4. Qa4 f6 5. d3 Be6 6. Nbd2 Qd7 7. a3 Nge7 8. b4 a6 9. Qc2 g5 10. exd5 Nxd5 11. g3 0-0-0 12. Nb3 Nxc3 13. Qxc3 Qd5 14. Nbd2 g4 15. Ne4 gxf3 16. Nxf6 Qd4 17. Bb2 Nxb4 18. Qxd4 Nc2+ 19. Kd2 Nxd4 20. Bxd4 Rxd4 21. h4 Be7 22. Ne4 Rhd8 23. Kc2 Bf5 24. Bh3 Bxh3 25. Rxh3 Rxd3 26. g4 Bxa3 27. g5 Bb4 28. h5 R3d4 29. Nf6 e4 30. Rhh1 Rd2+ 31. Kc1 Rxf2 32. Ra4 Bd2+ 33. Kb1 e3 0-1

[Event "CUB-ch 57th"]
[Site "Villa Clara"]
[Date "2020.02.09"]
[Round "8"]
[White "Quesada Perez, Yasser"]
[Black "Elias Reyes, Jorge Roberto"]
[Result "1/2-1/2"]
[WhiteElo "2558"]
[BlackElo "2412"]
[PlyCount "43"]
[EventDate "2020.02.02"]
[EventType "tourn"]
[EventRounds "11"]
[EventCountry "CUB"]
[EventCategory "11"]
[SourceTitle "CBM 195 Extra"]
[Source "ChessBase"]
[SourceDate "2020.05.31"]
[SourceVersion "1"]
[SourceVersionDate "2020.05.31"]
[SourceQuality "1"]

1. e4 e5 2. Bc4 Nf6 3. d3 Nc6 4. Nc3 Na5 5. Nge2 Bc5 6. 0-0 0-0 7. a4 Nxc4 8. dxc4 h6 9. Qd3 d6 10. Ng3 c6 11. Be3 Be6 12. b3 Qa5 13. Bxc5 Qxc5 14. Rae1 Rad8 15. Qe3 Qa5 16. h3 Rfe8 17. Rd1 a6 18. Rfe1 Rd7 19. Qd2 Kf8 20. Re3 d5 21. exd5 cxd5 22. Rxe5 1/2-1/2

[Event "CUB-ch 57th"]
[Site "Villa Clara"]
[Date "2020.02.05"]
[Round "4"]
[White "Martinez Duany, Lelys Stanley"]
[Black "Elias Reyes, Jorge Roberto"]
[Result "1/2-1/2"]
[WhiteElo "2526"]
[BlackElo "2412"]
[PlyCount "30"]
[EventDate "2020.02.02"]
[EventType "tourn"]
[EventRounds "11"]
[EventCountry "CUB"]
[EventCategory "11"]
[SourceTitle "CBM 195 Extra"]
[Source "ChessBase"]
[SourceDate "2020.05.31"]
[SourceVersion "1"]
[SourceVersionDate "2020.05.31"]
[SourceQuality "1"]

1. Nf3 Nf6 2. g3 d5 3. Bg2 e6 4. 0-0 Be7 5. d3 c5 6. Nbd2 Nc6 7. e4 0-0 8. Re1 b5 9. e5 Ne8 10. Nf1 Nc7 11. h4 b4 12. h5 f5 13. Bf4 Bd7 14. c4 bxc3 15. bxc3 Nb5 1/2-1/2